Normal view
MARC view
- Johnson, Lyndon B.
Entry Personal Name
001 - CONTROL NUMBER
- control field: 97704
003 - CONTROL NUMBER IDENTIFIER
- control field: NUST
005 - DATE AND TIME OF LATEST TRANSACTION
- control field: 20220817114155.0
008 - FIXED-LENGTH DATA ELEMENTS
- fixed length control field: 220817|| aca||aabn | a|a d
040 ## - CATALOGING SOURCE
- Original cataloging agency: NUST
- Transcribing agency: NUST
100 ## - HEADING--PERSONAL NAME
- Personal name: Johnson, Lyndon B.
- Fuller form of name: (Lyndon Baines),
- Dates associated with a name: 1908-1973
670 ## - SOURCE DATA FOUND
- Source citation: Work cat.: (NUST)0: Goodwin, Doris Kearns, author. 97701, Leadership in turbulent times
